000 00797 a2200181 4500
003 Nust
005 20221116170918.0
020 _a8177584790
040 _cNust
082 _a621.367,ANN
100 _aS Annadurai
_9102742
245 _aFundamenals of Digital Image Processing
_cS Annadurai & R. Shanmugalakshmi
260 _aIndia
_bPearson Education
_c2008
300 _axviii,422p.
505 _aFundamentals of Digital Image Processing (Page-1), Digital Image Representation (Page-19), Image Transforms (Page-31), Image Enhancement (Page-73), Image Compression (Page-131), Image Segmentation (Page-227), Image Restoration (Page-259), Image Representation and Description (Page-283), Pattern Classification Methods (Page-317).
650 _aTelecommunication Engineering
942 _2ddc
_cBK
999 _c189395
_d189395